<?xml version="1.0" encoding="UTF-8"?><?xml-stylesheet type="text/xsl" href="static/style.xsl"?><OAI-PMH xmlns="http://www.openarchives.org/OAI/2.0/" xmlns:xsi="http://www.w3.org/2001/XMLSchema-instance" xsi:schemaLocation="http://www.openarchives.org/OAI/2.0/ http://www.openarchives.org/OAI/2.0/OAI-PMH.xsd"><responseDate>2026-06-02T22:19:39Z</responseDate><request verb="GetRecord" identifier="oai:riuma.uma.es:10630/5677" metadataPrefix="marc">https://riuma.uma.es/rest/oai/request</request><GetRecord><record><header><identifier>oai:riuma.uma.es:10630/5677</identifier><datestamp>2026-02-03T11:23:24Z</datestamp><setSpec>com_10630_2254</setSpec><setSpec>col_10630_37953</setSpec></header><metadata><record xmlns="http://www.loc.gov/MARC21/slim" xmlns:dcterms="http://purl.org/dc/terms/" xmlns:doc="http://www.lyncode.com/xoai" xmlns:xsi="http://www.w3.org/2001/XMLSchema-instance" xsi:schemaLocation="http://www.loc.gov/MARC21/slim http://www.loc.gov/standards/marcxml/schema/MARC21slim.xsd">
   <leader>00925njm 22002777a 4500</leader>
   <datafield ind2=" " ind1=" " tag="042">
      <subfield code="a">dc</subfield>
   </datafield>
   <datafield ind2=" " ind1=" " tag="720">
      <subfield code="a">Pezzi-Cristóbal, María del Pilar</subfield>
      <subfield code="e">author</subfield>
   </datafield>
   <datafield ind2=" " ind1=" " tag="260">
      <subfield code="c">2013</subfield>
   </datafield>
   <datafield ind2=" " ind1=" " tag="520">
      <subfield code="a">La plasmación del poder y su ejercicio, más aún cuando se centra en personajes históricos que pueden servir como ejemplo a los espectadores, ha sido una constante en la historia del cine. El interés por los mecanismos del poder, y porqué no, por la vida íntima de aquellos que lo&#xd;
ostentaron, adquiere una nueva dimensión cuando se trata de personajes femeninos. Las mujeres con poder plasman en sus vidas y comportamientos distintos roles femeninos que puede rastrearse a lo largo de toda la historia de la humanidad.&#xd;
&#xd;
Nuestro objetivo pretende ser más concreto, acercarnos a la forma en que una reina concreta, Juana I de Castilla, se convirtió en la&#xd;
representación por excelencia del rol de mujer loca o desequilibrada en el siglo XIX a través de una obra teatral de gran éxito Locura de amor, de fuerte carga moralizante; y como en tiempos más recientes se reafirma ese rol con nuevos planteamientos, provocando una avalancha de títulos que aprovechan ese filón.</subfield>
   </datafield>
   <datafield ind1="8" ind2=" " tag="024">
      <subfield code="a">PEZZI CRISTÓBAL, P. "Visiones Cinematográficas de las Mujeres en el Poder: La Reina Juana de Castilla", en Internactional Conference AVANCA CINEMA 2013, Ediçoes Cine-Clube de Avanca, Avanca 2013, pp. 410-419.</subfield>
   </datafield>
   <datafield ind1="8" ind2=" " tag="024">
      <subfield code="a">http://hdl.handle.net/10630/5677</subfield>
   </datafield>
   <datafield ind2="0" ind1="0" tag="245">
      <subfield code="a">Visiones Cinematográficas de las Mujeres en el Poder: La Reina Juana de Castilla</subfield>
   </datafield>
</record>
</metadata></record></GetRecord></OAI-PMH>